000 00487pab a2200157 454500
008 180718b2017 xxu||||| |||| 00| 0 eng d
100 _aPati, Ambika Prasad
245 _aContribution of microfinance in achieving millennium devlopment goals: evidences from global pool data
260 _c2017
300 _ap.182-198.
362 _aOct
650 _aMillennium development goals
650 _aMicrofinance
773 _aInternational Journal of Rural management
909 _a117061
999 _c117055
_d117055